Ч. 2; Проектирование и расчет следящих систем и систем регулирования

Xehetasun bibliografikoak
Parent link:Проектирование и расчет следящих систем и систем регулирования: в 2 ч./ Г. Честнат, Р. В. Майер. Ч. 2.— , 1959
Hizkuntza:errusiera
Argitaratua: 1959
Gaiak:
Formatua: Liburua
KOHA link:https://koha.lib.tpu.ru/cgi-bin/koha/opac-detail.pl?biblionumber=349889

MARC

LEADER 00000nam2a2200000 4500
001 349889
005 20231102010239.0
035 |a (RuTPU)RU\TPU\retro\3006 
090 |a 349889 
100 |a 20180921d1959 km y0rusy50 ca 
101 1 |a rus  |c eng 
102 |a RU 
105 |a a z 001zy 
200 0 |a Ч. 2 
210 |d 1959 
215 |a 392 с.  |c ил. 
320 |a Библиогр. в конце гл. 
461 1 |0 (RuTPU)RU\TPU\book\219665  |t Проектирование и расчет следящих систем и систем регулирования  |o в 2 ч.  |o пер. с англ.  |f Г. Честнат, Р. В. Майер  |v Ч. 2  |d 1959 
606 |a Следящие системы  |x Проектирование  |2 stltpush  |3 (RuTPU)RU\TPU\subj\55119  |9 73190 
610 1 |a системы регулирования 
610 1 |a номинальная мощность 
610 1 |a номинальные нагрузки 
610 1 |a электрические цепи 
610 1 |a амплитудно-частотная характеристика 
610 1 |a расчет 
610 1 |a усилители 
610 1 |a модуляторы 
610 1 |a трение 
610 1 |a нагрузки 
610 1 |a сигналы 
610 1 |a линеаризация 
610 1 |a переменный ток 
610 1 |a нелинейные элементы 
675 |a 681.513.3.001.6  |v 4 
801 1 |a RU  |b 63413507  |c 20180921 
801 2 |a RU  |b 63413507  |c 20180927  |g RCR 
942 |c BK